Подробности
| 000 -МАРКЕР |
| контрольное поле |
02428nam0a2200361 4500 |
| 001 - ИДЕНТИФИКАТОР ЗАПИСИ |
| контрольное поле |
RU\NLR\bibl\433469 |
| 005 - ИДЕНТИФИКАТОР ВЕРСИИ |
| контрольное поле |
20250623172401.0 |
| 010 ## - МЕЖДУНАРОДНЫЙ СТАНДАРТНЫЙ НОМЕР КНИГИ (ISBN) |
| Номер (ISBN) |
5-98118-025-0 |
| Тираж |
3000 |
| 021 ## - НОМЕР ГОСУДАРСТВЕННОЙ РЕГИСТРАЦИИ |
| Код страны |
Российская Федерация |
| Номер |
2003-35661 |
| Номер Листа государственной регистраци |
1692 |
| 035 ## - ДРУГИЕ СИСТЕМНЫЕ НОМЕРА |
| Идентификатор записи |
(NLR Aleph) 000427297 |
| 100 ## - ДАННЫЕ ОБЩЕЙ ОБРАБОТКИ |
| Данные общей обработки |
20030904d2003 |||y0rusy50 ca |
| 101 0# - ЯЗЫК РЕСУРСА |
| Язык текста, звукозаписи и т.д. |
русский |
| 102 ## - СТРАНА ПУБЛИКАЦИИ ИЛИ ПРОИЗВОДСТВА |
| Страна публикации |
Российская Федерация |
| 105 ## - ПОЛЕ КОДИРОВАННЫХ ДАННЫХ: ТЕКСТОВЫЕ МАТЕРИАЛЫ, МОНОГРАФИЧЕСКИЕ |
| Кодированные данные о монографическом текстовом документе |
ac ||||||||| |
| 200 1# - ЗАГЛАВИЕ И СВЕДЕНИЯ ОБ ОТВЕТСТВЕННОСТИ |
| Основное заглавие |
Маркетинг |
| Сведения, относящиеся к заглавию |
Учеб. |
| Первые сведения об ответственности |
Р.Б. Ноздрева, В.Ю. Гречков |
| 210 ## - ПУБЛИКАЦИЯ, РАСПРОСТРАНЕНИЕ И ДР. |
| Место издания, распространения и т.д. |
М. |
| Имя издателя, распространителя и т. д. |
Экономистъ |
| Дата издания, распространения и т.д. |
2003 |
| 215 ## - ФИЗИЧЕСКАЯ ХАРАКТЕРИСТИКА |
| Специфическое обозначение материала и объем |
566 с. |
| Другие сведения о физической характеристике |
ил., портр. |
| Размеры |
22 |
| 300 ## - ОБЩИЕ ПРИМЕЧАНИЯ |
| Текст примечания |
На обл. и авантит.: Маркетинг |
| 300 ## - ОБЩИЕ ПРИМЕЧАНИЯ |
| Текст примечания |
На с. 565-566 авт.: Ноздрева Р.Б., д.э.н., проф., Крылова Г.Д., проф., Соколова М.И., к.э.н., Гречков В.Ю., к.т.н. |
| 423 #0 - ИЗДАЕТСЯ В ОДНОЙ ОБЛОЖКЕ ВМЕСТЕ С ... |
| Встроенное поле |
2001#$aПрактикум по маркетингу$eУчеб. пособие$fГ.Д. Крылова, М.И. Соколова |
| -- |
210##$aМ.$d2003 |
| -- |
215##$aС. 301-518$cил. |
| -- |
700#1$aКрылова$bГ. Д.$gГалина Дмитриевна$4070 |
| -- |
701#1$aСоколова$bМ. И.$gМария Игоревна$4070 |
| Заглавие |
Практикум по маркетингу |
| Автор |
Крылова, Галина Дмитриевна |
| 423 #0 - ИЗДАЕТСЯ В ОДНОЙ ОБЛОЖКЕ ВМЕСТЕ С ... |
| Встроенное поле |
2001#$aУчебно-методический комплекс по маркетингу$fР.Б. Ноздрева, Г.Д. Крылова, М.И. Соколова$g[К сб. в целом]: Моск. гос. ин-т междунар. отношений (Ун-т) МИД РФ |
| -- |
210##$aМ.$d2003 |
| -- |
215##$aС. 519-564 |
| -- |
700#1$aНоздрева$bР. Б.$gРаиса Борисовна и др.$4070 |
| Заглавие |
Учебно-методический комплекс по маркетингу |
| Автор |
Ноздрева, Раиса Борисовна и др. |
| 512 1# - ЗАГЛАВИЕ ОБЛОЖКИ |
| Заглавие обложки |
Маркетинг |
| 606 0# - НАИМЕНОВАНИЕ ТЕМЫ КАК ПРЕДМЕТ |
| Наименование темы |
Маркетинг |
| Формальный подзаголовок |
Руководства, пособия и т.п. для высшей школы |
| Системный номер авторитетной/нормативной записи |
1262222 |
| Идентификатор авторитетной/нормативной записи |
RU\NLR\auth\66200829 |
| 606 0# - НАИМЕНОВАНИЕ ТЕМЫ КАК ПРЕДМЕТ |
| Наименование темы |
Маркетинг |
| Формальный подзаголовок |
Учебные издания для высших учебных заведений |
| Системный номер авторитетной/нормативной записи |
1262222 |
| Идентификатор авторитетной/нормативной записи |
RU\NLR\auth\66200829 |
| 686 ## - ИНДЕКСЫ ДРУГИХ КЛАССИФИКАЦИЙ |
| Индекс |
У5-361.4я73 |
| 700 #1 - ИМЯ ЛИЦА - ПЕРВИЧНАЯ ОТВЕТСТВЕННОСТЬ |
| Начальный элемент ввода |
Ноздрева |
| Часть имени, кроме начального элемента ввода |
Р. Б. |
| Расширение инициалов личного имени |
Раиса Борисовна |
| Код отношения |
Автор |
| 701 #1 - ИМЯ ЛИЦА - АЛЬТЕРНАТИВНАЯ ОТВЕТСТВЕННОСТЬ |
| Начальный элемент ввода |
Гречков |
| Часть имени, кроме начального элемента ввода |
В. Ю. |
| Расширение инициалов личного имени |
Виктор Юрьевич |
| Код отношения |
Автор |
| 801 #0 - ИСТОЧНИК ЗАПИСИ |
| Страна |
Российская Федерация |
| Организация |
NLR |
| Дата составления |
20030904 |
| Правила каталогизации |
PSBO |
| 801 #1 - ИСТОЧНИК ЗАПИСИ |
| Страна |
Российская Федерация |
| Организация |
NLR |
| Дата составления |
20030904 |
| 942 ## - ДОПОЛНИТЕЛЬНЫЕ ЭЛЕМЕНТЫ ЗАПИСИ (АБИС) |
| Тип экземпляра АБИС |
Книга |
| 980 ## - КОЛЛЕКЦИЯ |
| Название коллекции |
Национальная библиография |